| 000 | 00922cam a22002535a 4500 | ||
|---|---|---|---|
| 001 | 14699944 | ||
| 005 | 20151017083540.0 | ||
| 008 | 070117t2007 nyu frb f001 0 eng d | ||
| 020 | _a9780231137782 (cloth : alk. paper) | ||
| 040 |
_aDLC _beng _cDLC _dUKM _dBAKER _dBTCTA _dC#P _dYDXCP _dDLC _dEG-ScBUE |
||
| 043 | _aa------ | ||
| 082 | 0 | 4 |
_a303.482176701821 _bAYD _222 |
| 100 | 1 |
_aAydin, Cemil. _938496 |
|
| 245 | 1 | 4 |
_aThe politics of anti-Westernism in Asia : _bvisions of world order in pan-Islamic and pan-Asian thought / _cCemil Aydin. |
| 260 |
_aNew York : _bColumbia University Press, _cc.2007. |
||
| 300 |
_axi, 299 p. ; _c24 cm. |
||
| 500 | _aIndex : p . [283]-299. | ||
| 504 | _aBibliographical : p. [259]-281. | ||
| 650 | 0 |
_aPanislamism. _2BUEsh |
|
| 650 | 0 |
_aInternational cooperation. _2BUEsh |
|
| 651 | 0 |
_aAsia _xPolitics and government. _2BUEsh |
|
| 653 |
_bBUSBOL _cSeptember2015 _cOctober2015 |
||
| 942 | _2ddc | ||
| 999 |
_c20818 _d20790 |
||